| 000 | 00804nam a22002537a 4500 | ||
|---|---|---|---|
| 003 | OSt | ||
| 005 | 20140310184349.0 | ||
| 008 | 131007t xxu||||| |||| 00| 0 eng d | ||
| 020 | _a0590462431 | ||
| 050 |
_aPZ 7 _b.Y44St 1992 |
||
| 100 |
_aYep, Laurence, _d1948- _924959 |
||
| 245 |
_aThe star fisher / _cLaurence Yep. |
||
| 260 |
_aNew York, N.Y., U.S.A. : _bPuffin Books, _c1992 |
||
| 300 |
_a150 p. : _c19 cm. |
||
| 520 | _aFifteen-year-old Joan Lee and her family find the adjustment hard when they move from Ohio to West Virginia in the 1920s. | ||
| 521 | _aG6 | ||
| 526 | _c850 | ||
| 562 | _e1 | ||
| 650 |
_aChinese Americans _xFiction. _924960 |
||
| 650 |
_aMoving, Household _xFiction. _924961 |
||
| 650 |
_aPrejudices _xFiction. _924962 |
||
| 942 |
_2lcc _cBK-SCHOLAS |
||
| 999 |
_c33910 _d33910 |
||